书目信息 |
| 题名: |
基于情境重构模型的非常规突发事件应急管理研究
|
|
| 作者: | 王颜新 , 黄敏芳 著 | |
| 分册: | ||
| 出版信息: | 北京 电子工业出版社 2017 |
|
| 页数: | 226页 | |
| 开本: | 24cm | |
| 丛书名: | ||
| 单 册: | ||
| 中图分类: | D035.29 | |
| 科图分类: | ||
| 主题词: | 突发事件--公共管理--研究 | |
| 电子资源: | ||
| ISBN: | 978-7-121-32778-0 | |
| 000 | 01216nam0 2200241 450 | |
| 001 | 012001001656 | |
| 005 | 20140921103355.0 | |
| 010 | @a978-7-121-32778-0@dCNY59.00 | |
| 100 | @a20180217d2017 em y0chiy50 ea | |
| 101 | 0 | @achi |
| 102 | @aCN@b110000 | |
| 105 | @ay z 000yy | |
| 106 | @ar | |
| 200 | 1 | @a基于情境重构模型的非常规突发事件应急管理研究@9ji yu qing jing chong gou mo xing de fei chang gui tu fa shi jian ying ji guan li yan jiu@f王颜新,黄敏芳著 |
| 210 | @a北京@c电子工业出版社@d2017 | |
| 215 | @a226页@d24cm | |
| 330 | @a本书在对国内外相关研究成果进行梳理和总结的基础上,以非常规突发事件应急管理理论、灾害系统工程理论、情景分析和情境演算理论等作为理论基础展开介绍。从剖析事件情景、情境和情境重构等重要概念着手,采用信息学、本体论、演化分析、定量与定性相结合等多种方法,介绍面向“情景—应对”的非常规突发事件情境重构表达框架、情境表达要素分解模型,情境形式化描述方法、多层次情境网络模型、非常规突发事件情境重构模型方法,以及可视化仿真分析等关键问题。 | |
| 606 | 0 | @a突发事件@x公共管理@x研究 |
| 690 | @aD035.29@v5 | |
| 701 | 0 | @a王颜新@9wang yan xin@f(1976-)@4著 |
| 701 | 0 | @a黄敏芳@9huang min fang@c(女,@f1976-)@4著 |
| 801 | 0 | @aCN@b上海新华@c20180901 |
| 905 | @b1156785-9@dD035.29@e165@f5 | |
| 基于情境重构模型的非常规突发事件应急管理研究/王颜新,黄敏芳著.-北京:电子工业出版社,2017 |
| 226页;24cm |
| ISBN 978-7-121-32778-0:CNY59.00 |
| 本书在对国内外相关研究成果进行梳理和总结的基础上,以非常规突发事件应急管理理论、灾害系统工程理论、情景分析和情境演算理论等作为理论基础展开介绍。从剖析事件情景、情境和情境重构等重要概念着手,采用信息学、本体论、演化分析、定量与定性相结合等多种方法,介绍面向“情景—应对”的非常规突发事件情境重构表达框架、情境表达要素分解模型,情境形式化描述方法、多层次情境网络模型、非常规突发事件情境重构模型方法,以及可视化仿真分析等关键问题。 |
| ● |
| 相关链接 |
|
|
|
|
正题名:基于情境重构模型的非常规突发事件应急管理研究
索取号:D035.29/165
 
预约/预借
| 序号 | 登录号 | 条形码 | 馆藏地/架位号 | 状态 | 备注 |
| 1 | 1156785 | 211567856 | 第一样本阅览室/ [索取号:D035.29/165] | 在馆 | |
| 2 | 1156786 | 211567865 | 第一借阅区/ [索取号:D035.29/165] | 在馆 | |
| 3 | 1156787 | 211567874 | 第一借阅区/ [索取号:D035.29/165] | 在馆 | |
| 4 | 1156788 | 211567883 | 第一借阅区/ [索取号:D035.29/165] | 在馆 | |
| 5 | 1156789 | 211567892 | 密集书库-史法系/ [索取号:D035.29/165] | 在馆 |